00583 2200193 4500001002100000005001500021035002000036007000300056008003900059082000700098084001300105100001900118245014400137250001000281260004600291300002500337600001200362990001500374INLIS00000000000988320260414013748 a0010-0426000229ta260414 | | |  a42 a42 ILM s0 aILMA RAHMAWATI1 aSTRATEGI PEMBELAJARAN EKSPOSITORI PADA MATA PEMBELAJARAN KEMUHAMMADIYAHAN DI MTS MUHAMMADIYAH KASONGAN KABUPATEN KATINGAN /cILMA RAHMAWATI aCet 1 aPalangka Raya :bPerpustakaan UMPR,c2025 axxi, 53 hlm :bilus. 4aSKRIPSI a2442130658